Sudden Death - Bowling Ball Names - Statistics

General Stats
  • This quiz has been taken 148 times
  • The average score is 3 of 14
Answers on the Grid
Answers color-coded by a green-red scale on the quiz's grid according to % correct below.
718A
Black Widow Attack
Blindside
Borderline
Breaker
Capri 45
Demon
DNA Coil
Evolved
Gonza
Hurler
Icecap
Icon 300
Jekyll
Latitude
Little Boy
Messenger Titanium
Night Road
Path
Pitch Blue
Pitch Green
Planet
Rager
Revenant
Starship
Supra Pro
Tidal Wave
Verdict
Warrior 5
Zen
 
Answer Stats
Answer % Correct
DNA Coil
50%
Zen
50%
Night Road
36%
718A
34%
Pitch Blue
28%
Revenant
26%
Icon 300
20%
Tidal Wave
20%
Path
14%
Messenger Titanium
12%
Jekyll
10%
Latitude
10%
Little Boy
8%
Verdict
8%
No matching quizzes found
Score Distribution
Percent of People with Each Score
Percentile by Number Answered
Your Score History
You have not taken this quiz